Auburn Tigers Football Trivia - Statistics

General Stats
  • This quiz has been taken 137 times
    21 since last reset
  • The average score is 11 of 19
Answer Stats
Hint Answer % Correct
The school Auburn plays annually in the Iron Bowl Alabama
100%
Auburn's conference SEC
100%
The name of Auburn's mascot Aubie
78%
Auburn's current head coach Alex Golesh
67%
Auburn players who won the trophy named for the above coach Bo Jackson
67%
Auburn players who won the trophy named for the above coach Cam Newton
67%
Famed Auburn coach with a player's trophy named for him John Heisman
61%
Nickname of famed play 2 weeks later during the 2013 Iron Bowl Kick Six
61%
Auburn players who won the trophy named for the above coach Pat Sullivan
61%
Coach who led Auburn to their 2010 national championship Gene Chizik
56%
Quarterback during both of the above games Nick Marshall
56%
Coach who led Auburn to their 1957 national championship Ralph "Shug" Jordan
56%
Coach who would be elected to the United States Senate in 2020 Tommy Tuberville
56%
Nickname of the game annually played against Georgia Deep South's Oldest Rivalry
50%
Nickname of famed Hail Mary during the 2013 game against Georgia Prayer at Jordan-Hare
50%
Kicker who holds all field goal percentage records for Auburn, brother of NFL kicker Evan Alex McPherson
39%
Last name of brothers Anders and Daniel played as kickers for Auburn Carlson
39%
Last name of father/son quarterback duo Patrick and Bo who both played for Auburn Nix
39%
Linebacker who played in the NFL and now works as a commentator for NBC Takeo Spikes
28%
No matching quizzes found
Score Distribution
Percent of People with Each Score
Percentile by Number Answered
Your Score History
You have not taken this quiz since the last reset